|
|
|
|
| LEADER |
00870nam a22002297a 4500 |
| 001 |
30498 |
| 003 |
BD-DhAAL |
| 005 |
20241117110528.0 |
| 008 |
150901s1989 bg a|||| |||| 00| 0 eng d |
| 040 |
|
|
|a BD-DhAAL
|c BD-DhAAL
|
| 082 |
|
|
|2 22
|a 307.1412095492
|
| 245 |
|
|
|a Rural Development Programme (RDP) :
|k annual report.
|g December 1988.
|
| 264 |
|
|
|a Dhaka :
|b BRAC,
|c 1989.
|
| 300 |
|
|
|a 111 pages :
|b illustrations ;
|c 28 cm.
|
| 541 |
|
|
|a BRAC
|e 30498
|
| 610 |
|
|
|a BRAC.
|9 14340
|
| 650 |
|
|
|a Rural development
|z Bangladesh.
|9 14341
|
| 710 |
|
|
|a BRAC.
|9 14340
|
| 852 |
|
|
|a Ayesha Abed Library
|c BRAC Resource Section
|
| 942 |
|
|
|2 ddc
|c BK
|
| 999 |
|
|
|c 36170
|d 36170
|
| 952 |
|
|
|0 0
|1 0
|2 ddc
|4 0
|6 307_141209549200000_RUR
|7 1
|8 RPT
|9 56882
|a BRACUL
|b BRACUL
|c BRS
|d 2015-11-16
|e BRAC
|l 1
|o 307.1412095492 RUR
|p 3010030498
|r 2025-12-30
|s 2025-03-24
|t 1
|w 2015-11-16
|y BK
|x BRAC; Price not available in register.
|